书目信息 |
| 题名: |
论自由
|
|
| 作者: | Mill , 密尔 著 ;程崇华 译 | |
| 分册: | ||
| 出版信息: | 北京 商务印书馆 1959 |
|
| 页数: | 125页 | |
| 开本: | 20cm | |
| 丛书名: | ||
| 单 册: | ||
| 中图分类: | D081 | |
| 科图分类: | ||
| 主题词: | 资产阶级自由化 | |
| 电子资源: | ||
| ISBN: | ||
| 000 | 00734nam0 2200277 45 | |
| 001 | 0179005582 | |
| 005 | 20060812092840.39 | |
| 010 | @dCNY0.43 | |
| 091 | @aCN@b3017.11 | |
| 100 | @a19950713e19791953emky0chiy0121 ea | |
| 101 | 1 | @achi@ceng |
| 102 | @aCN@b110000 | |
| 105 | @ay z 000yy | |
| 200 | 10 | @a论自由@Alun zi you@f(美)密尔(J.S.Mill)著@g程崇华译 |
| 210 | @a北京@c商务印书馆@d1959@h1979重印 | |
| 215 | @a125页@d20cm | |
| 300 | @a书名原文:On liberty | |
| 510 | 1 | @aOn liberty@zeng |
| 606 | @a资产阶级自由化 | |
| 610 | 0 | @a自由 |
| 690 | @aD081@v3 | |
| 701 | A1 | @aMill@bJ.S.@4著 |
| 701 | 1 | @a密尔@Ami er@bJ.S.@4著 |
| 702 | 0 | @a程崇华@Acheng chong hua@4译 |
| 801 | 0 | @aCN@bTSSF@c20060812 |
| 905 | @a10447@dD081@e17 | |
| 论自由/(美)密尔(J.S.Mill)著/程崇华译.-北京:商务印书馆,1959(1979重印) |
| 125页;20cm |
| 书名原文:On liberty |
| ISBN :CNY0.43 |
| ● |
| 相关链接 |
|
|
|
|
正题名:论自由
索取号:D081/17
 
预约/预借
| 序号 | 登录号 | 条形码 | 馆藏地/架位号 | 状态 | 备注 |
| 1 | 0448974 | 204489749 | 密集书库/ [索取号:D081/17] | 在馆 | |
| 2 | 0448975 | 204489758 | 密集书库/ [索取号:D081/17] | 在馆 | |
| 3 | 0448976 | 204489767 | 密集书库/ [索取号:D081/17] | 在馆 |